MARC

LEADER 00000nam0a2200000 4500
001 159823
005 20231101222136.0
010 |a 5420008424 
020 |a RU  |b 91-44280 
035 |a (RuTPU)RU\TPU\book\173339 
035 |a RU\TPU\book\173334 
090 |a 159823 
100 |a 20090515d1990 m y0rusy5003 ca 
101 1 |a rus  |c fre 
102 |a LT 
105 |a y z 000ay 
200 1 |a Изабелла Баварская  |e роман  |f А. Дюма (Дюма-отец)  |g пер. с фр. Б. Вайсман ; Р. Родина ; коммент. Г. Кузнецова 
210 |a Вильнюс  |c Мокслас  |d 1990 
215 |a 294 с.  |d 21 см 
600 0 |a Изабелла Баварская (Елизавета Баварская, Изабо, Изабелла Виттельсбах)  |c французская королева  |c жена Карла VI Безумного  |f около 1370-1435  |2 stltpush  |3 (RuTPU)RU\TPU\pers\24090  |9 10636 
610 1 |a Столетняя война 
610 1 |a Франция 
610 1 |a романы 
610 1 |a 14 век 
610 1 |a 15 век 
675 |a 84  |z rus 
700 1 |a Дюма (Дюма-отец)  |b А.  |c французский писатель  |f 1802-1870  |g Александр  |2 stltpush  |3 (RuTPU)RU\TPU\pers\10154  |9 2200 
702 1 |a Вайсман  |b Б.  |4 730 
702 1 |a Родина  |b Р.  |4 730 
702 1 |a Кузнецова  |b Г.  |4 220 
801 0 |a RU  |b RuMRKP  |c 19950417  |g psbo 
801 1 |a RU  |b 63413507  |c 20090515  |g PSBO 
801 2 |a RU  |b 63413507  |c 20140314  |g PSBO 
942 |c BK